• 首页
  • 本馆介绍
  • 公告通知
  • 最新文献
  • 馆藏检索
  • 电子资源
  • 读者导购
  • 参考咨询
  • 我的图书馆
  • 登录
  • 详细信息显示
  • 放入我的书架
  • 预约/预借图书
  • 作者相关作品
  • 分类相关作品
  • 丛书相关作品
  • 出版社相关作品

书目信息

  • 表格格式
  • 工作单格式
  • 卡片格式
题名:
微信营销实战技法全书
    
 
作者: 孟祥莉 主编
分册:  
出版信息: 北京   中国纺织出版社  2017
页数: 252页
开本: 24cm
丛书名:
单 册:
中图分类: F713.365.2
科图分类:
主题词: 网络营销
电子资源:
ISBN: 978-7-5180-3584-7
000 01245nam0 2200265 450
001 012001001471
005 20140921103355.0
010    @a978-7-5180-3584-7@dCNY38.80
100    @a20170905d2017 em y0chiy50 ea
101 0  @achi
102    @aCN@b110000
105    @ay z 000yy
106    @ar
200 1  @a微信营销实战技法全书@9wei xin ying xiao shi zhan ji fa quan shu@e一本书读懂微信赚钱的运营模式@f孟祥莉主编
210    @a北京@c中国纺织出版社@d2017
215    @a252页@d24cm
307    @a实际页数为:253
314    @a孟祥莉,著名的营销策划人,“中国网络直销协会”理事。编写和参编作品有《销售中的人脉经营术》、《开家赚钱的淘宝网店细节攻略》等近20部作品。
330    @a本书详细讲解了微信赚钱的方法和技巧,包括微信营销的趋势、微信营销的优势、微信公众平台的运营策略、建立微信营销平台的技巧、微信营销的发掘客户的技巧、微信功能的营销策略、微信营销的模式、微信推广的营销策略、不同行业的微信营销策略、微信营销经典案例分析、微信营销的误区、微信营销效果的评估等内容。
517 1  @a一本书读懂微信赚钱的运营模式@9yi ben shu du dong wei xin zhuan qian de yun ying mo shi
606 0  @a网络营销
690    @aF713.365.2@v5
701  0 @a孟祥莉@9meng xiang li@4主编
801  0 @aCN@b上海新华@c20180901
905    @b1156485-9@dF713.365.2@e1042@f5
    
    微信营销实战技法全书:一本书读懂微信赚钱的运营模式/孟祥莉主编.-北京:中国纺织出版社,2017
    252页;24cm
    
    
    ISBN 978-7-5180-3584-7:CNY38.80
    本书详细讲解了微信赚钱的方法和技巧,包括微信营销的趋势、微信营销的优势、微信公众平台的运营策略、建立微信营销平台的技巧、微信营销的发掘客户的技巧、微信功能的营销策略、微信营销的模式、微信推广的营销策略、不同行业的微信营销策略、微信营销经典案例分析、微信营销的误区、微信营销效果的评估等内容。
●
相关链接 在E读中查询图书 在五车中查询图书 在当当中查询图书 在豆瓣中查询图书


正题名:微信营销实战技法全书     索取号:F713.365.2/1042         预约/预借

序号 登录号 条形码 馆藏地/架位号 状态 备注
1 1156485   211564859   第一样本阅览室/ [索取号:F713.365.2/1042] 在馆    
2 1156486   211564868   第一借阅区/ [索取号:F713.365.2/1042] 在馆    
3 1156487   211564877   第一借阅区/ [索取号:F713.365.2/1042] 在馆    
4 1156488   211564886   第一借阅区/ [索取号:F713.365.2/1042] 在馆    
5 1156489   211564895   密集书库-海洋学院/ [索取号:F713.365.2/1042] 在馆    
唐山师范学院图书馆 欢迎您!
大连网信软件有限公司© 版权所有